000 00436nam a22001817a 4500
999 _c6321
_d6319
005 20210825160037.0
008 200520b xxu||||| |||| 00| 0 eng d
020 _a9788174733953
041 _aeng
082 _a615 RAO
100 _aRAO,SRADHAR B
_96654
245 _aBiostatistics For Pharmacy Student
250 _a1'st
260 _aDelhi
_bAITBS PUBLISHERS
_c2020
300 _a171 V
650 _aPharmacy
_96655
942 _cBK